000 00346nam a22000977a 4500
008 211101b ||||| |||| 00| 0 eng d
100 _aSpink Shreves Galleries
245 _aAbraham Lincoln's Image on US Postage stamps (Wm. Ainsworth Coll) 2009
260 _aNew York
_bSpink Shreves Galeries
_c2009
650 _aLincoln| United States Stamps| Ainsworth
999 _c3198
_d3198